Aprender a estudiar...no es imposible: técnicas de estudio para hijos en edad escolar
Guardat en:
| Autor principal: | |
|---|---|
| Format: | Llibre |
| Idioma: | espanyol |
| Publicat: |
Madrid
Ediciones Palabra
2002
|
| Matèries: | |
| Etiquetes: |
Afegir etiqueta
Sense etiquetes, Sigues el primer a etiquetar aquest registre!
|
MARC
| LEADER | 00000cam a2200000 a 4500 | ||
|---|---|---|---|
| 001 | UCF3657 | ||
| 003 | CL-VaPUC | ||
| 008 | 121025e20020000SP |||||||||||||||||spa|d | ||
| 020 | |a 8482396994 | ||
| 082 | 0 | 4 | |a 370.15 |b ALM |2 21 |
| 100 | 0 | |a Almela Martínez, Joaquín |e author |9 565398 | |
| 245 | 1 | 0 | |a Aprender a estudiar...no es imposible: técnicas de estudio para hijos en edad escolar |
| 300 | |a 127 p | ||
| 942 | |c BK | ||
| 945 | |d 20121025 00:00:00 |a dcastane | ||
| 260 | |a Madrid |b Ediciones Palabra |c 2002 | ||
| 650 | 0 | |a Psicología educacional |9 307830 | |
| 650 | 0 | |a Psicología cognitiva |9 306250 | |
| 650 | 0 | |a Métodos de aprendizaje |9 334464 | |
| 650 | 0 | |a Técnicas de estudio |9 424342 | |
| 583 | |a last modification |c 20121025 12:11:00 |k Rodrigo Vera | ||
| 999 | |c 349847 |d 349845 | ||
| 952 | |0 0 |1 0 |4 0 |6 370_150000000000000_ALM_2002 |7 0 |8 A |9 452654 |a BIBEDU |b BIBEDU |d 2019-11-22 |i 4916573 |o 370.15 ALM 2002 |p 4916573 |r 2019-11-22 |w 2019-11-22 |y BK |k EPE | ||